| 000 | 01236cam a2200337 i 4500 | ||
|---|---|---|---|
| 001 | 15970855 | ||
| 003 | EG-ScBUE | ||
| 005 | 20250518082512.0 | ||
| 008 | 091103t2010 flua f bd 001 0 eng d | ||
| 020 | _a9781439825686 | ||
| 035 | _a(OCoLC)ocn456840079 | ||
| 040 |
_aEG-ScBUE _beng _erda _cEG-ScBUE _dEG-ScBUE |
||
| 082 | 0 | 4 |
_a530.8 _222 _bDUN |
| 100 | 1 |
_aDunn, Patrick F., _eauthor. _923392 |
|
| 245 | 1 | 0 |
_aMeasurement and data analysis for engineering and science / _cPatrick F. Dunn, University of Notre Dame Indiana, USA. |
| 250 | _aSecond edition. | ||
| 264 | 1 |
_aBoca Raton, Florida : _bCRC Press/Taylor & Francis, _c[2010] |
|
| 264 | 4 | _cc2010 | |
| 300 |
_axiii, 490 pages : _billustrations ; _c25 cm |
||
| 336 |
_2rdacontent _atext _btxt |
||
| 337 |
_aunmediated _2rdamedia _bn |
||
| 338 |
_avolume _bnc _2rdacarrier |
||
| 500 | _aIncludes glossary. | ||
| 504 | _aIncludes bibliographical references and index. | ||
| 650 | 7 |
_aPhysical measurements _vTextbooks. _923393 _2BUEsh |
|
| 650 | 7 |
_aStatistics _vTextbooks. _923394 _2BUEsh |
|
| 653 | _cApril2011 | ||
| 655 | _vReading book | ||
| 856 | 4 | 2 |
_3Contributor biographical information _uhttp://www.loc.gov/catdir/enhancements/fy1106/2009043222-b.html |
| 942 |
_2ddc _cBB |
||
| 999 |
_c15193 _d15193 |
||